| 000 | 00888cam a22002055a 4500 | ||
|---|---|---|---|
| 001 | L140552 | ||
| 008 | 070927s1830 xkk eng u | ||
| 035 | _a(Sirsi) u140552 | ||
| 041 | 0 | _aeng | |
| 110 | 2 | _aGeorge Robins | |
| 245 | 0 | 0 | _aFreehold estates viz. Gelly Deg, Cwmllecoediog, Creamore, Kirkham Abbey, Hafod, Forest Lodge and Horfield Court at the Auction Mart 7 October 1830 |
| 260 |
_aS.l. _s.n. _c1830 |
||
| 300 |
_a1 v. _bmaps _c35 cm. |
||
| 351 | _cSingle item | ||
| 500 | _aCollection of sales particulars bound together with notes and letters interleaved. Properties were all sold by George Robins at the Auction Mart opposite the Bank of England on 7 October 1830. | ||
| 500 | _aTitle is from cover, which is handwritten. | ||
| 651 | 4 |
_aGreat Britain _y1707- |
|
| 690 | _aPROPERTY-PROPERTY ACQUISITION AND DISPOSAL-ACQUISITION AND DISPOSAL AT AUCTION | ||
| 942 | _n0 | ||
| 999 |
_c116351 _d116351 |
||